Fat metabolism: A symposium on the clinical and biochemical aspects of fat utilization in health and disease (Record no. 21274)

MARC details
000 -LEADER
fixed length control field 00391nam a2200121Ia 4500
082 ## - DEWEY DECIMAL CLASSIFICATION NUMBER
Classification number 612.397
Item number NAJ
245 #0 - TITLE STATEMENT
Title Fat metabolism: A symposium on the clinical and biochemical aspects of fat utilization in health and disease
260 ## - PUBLICATION, DISTRIBUTION, ETC. (IMPRINT)
Place of publication Baltimore
Name of publisher John Hopkins
Year of publication 1954
650 ## - SUBJECT ADDED ENTRY--TOPICAL TERM
Topical Term Fat metabolism
700 ## - ADDED ENTRY--PERSONAL NAME
Personal name Najjar, Victor A
942 ## - ADDED ENTRY ELEMENTS (KOHA)
Koha item type Books
Holdings
Withdrawn status Lost status Damaged status Not for loan Home library Current library Date acquired Cost, normal purchase price Full call number Accession Number Koha item type
        RRII Library RRII Library 16/12/2021 4.50 612.397 NAJ 01993 Books